|
|
|
|
| LEADER |
01076nam a2200265 u 4500 |
| 001 |
10023994 |
| 003 |
upatras |
| 005 |
20210117205831.0 |
| 008 |
970521s1969 uk eng |
| 040 |
|
|
|a GR-PaULI
|c GR-PaULI
|
| 041 |
0 |
|
|a eng
|
| 082 |
0 |
4 |
|a 530.143
|
| 100 |
1 |
|
|a Takahashi, Y.
|9 150267
|
| 245 |
1 |
0 |
|a An introduction to field quantization
|c by Y. Takahashi
|
| 260 |
|
|
|a Oxford
|b Pergamon Press
|c 1969
|
| 300 |
|
|
|a xi, 298 p.
|c 23 cm.
|
| 490 |
0 |
|
|a International series of monographs in natural philosophy
|v 20
|
| 504 |
|
|
|a Includes appendix, references, problems and index
|
| 650 |
|
4 |
|9 7
|a Κβαντική θεωρία πεδίων
|
| 760 |
0 |
|
|a International series of monographs in natural philosophy
|g 20
|
| 852 |
|
|
|a GR-PaULI
|b ΠΑΤΡΑ
|b ΦΥΣΙΚΟ
|k ΑΕΧ-1
|h 530.143 TAK
|m 01048
|p 025000017978
|t 1
|
| 942 |
|
|
|2 ddc
|c BK15
|
| 952 |
|
|
|0 0
|1 0
|4 0
|6 530_143000000000000_TAK
|7 0
|9 192842
|a PHYS
|b PHYS
|d 2016-04-24
|i 01048
|l 1
|o 530.143 TAK
|p 025000017978
|r 2021-10-21 00:00:00
|s 2021-09-30
|t 1
|w 2016-04-24
|y BK15
|
| 998 |
|
|
|c ΔΡΑΚΟΠΟΥΛΟΥ
|d 2001-10
|
| 999 |
|
|
|c 118245
|d 118245
|